| 000 | 00550nam a2200145 a 4500 | ||
|---|---|---|---|
| 008 | 120416s0000 ||||||||||||||||| || u | ||
| 020 | _a079921583X | ||
| 050 | _aTS 176 Imp | ||
| 245 | 1 | 0 | _aImproving manufacturing performance in South Africa |
| 246 | _athe report of the industrial strategy project | ||
| 260 |
_aRondebosch _bU C T Press _c1995 |
||
| 300 | _axvi, 263p. : ill | ||
| 350 | _a0.00 | ||
| 995 |
_D0.00 _FCBU-MAIN LIBRARY (Kitwe) _H1 _I0.00 _UAVAILABLE _ZMain Library Open Access Collection |
||
| 999 |
_c46499 _d46499 |
||